| 000 | 00549nam a2200169 4500 | ||
|---|---|---|---|
| 001 | 139910 | ||
| 003 | ES-MaACL | ||
| 007 | t| | ||
| 008 | 070214s1941 sp r ||||1| spa d | ||
| 100 | 1 |
_aSchoercher, Fritz. _9104621 |
|
| 245 | 1 | 0 |
_aCirugía séptica / _cFritz Schoercher ; prólogo de G. Magnus ; traducción del alemán de Ignacio Bofill. |
| 260 |
_aBarcelona : _bLabor, _c1941. |
||
| 300 |
_aXV, 322 p., 1 lám. : _bil. ; _c24 cm. |
||
| 700 | 1 |
_aMagnus, G. _975499 |
|
| 700 | 1 |
_aBofill, Ignacio. _929774 |
|
| 852 |
_aES-MaACL _jE-1639 _bR.26911 |
||
| 999 |
_c139910 _d139910 |
||